[Event "DSJ Weihnachtsturnier U20w 2020"]
[Site "https://play.chessbase.com/en/play?room=DSJWeihnachtU20w"]
[Date "2020.12.29"]
[Round "3"]
[White "Dietz, Kristin"]
[Black "Schneider, Jana"]
[Result "0-1"]
[Termination "normal"]
[Board "1.1"]
[BlackTitle "FM"]
[WhiteElo "1911"]
[BlackElo "2272"]
[WhiteTeam "USV Halle"]
[BlackTeam "SC Bavaria Regensburg von 1881"]
[PlyCount "64"]
[WhiteFideId "12993743"]
[BlackFideId "12924997"]
[EventRounds "7"]
[EventType "team-swiss"]
[EventDate "2020.12.29"]

1. e4 {[%emt 0:00:20]} e5 {[%emt 0:00:04]} 2. Nf3 {[%emt 0:00:02]} Nc6 { [%emt
0:00:02]} 3. Bb5 {[%emt 0:00:03]} a6 {[%emt 0:00:02]} 4. Ba4 {[%emt 0:00: 02]}
d6 {[%emt 0:00:10]} 5. O-O {[%emt 0:00:15]} Bd7 {[%emt 0:00:02]} 6. Re1 { [%emt
0:00:12]} g6 {[%emt 0:00:14]} 7. c3 {[%emt 0:00:03]} Bg7 {[%emt 0:00:02]} 8. d4
{[%emt 0:00:15]} Nf6 {[%emt 0:00:04]} 9. Nbd2 {[%emt 0:00:11]} O-O { [%emt
0:00:12]} 10. Nf1 {[%emt 0:00:04]} Re8 {[%emt 0:00:18]} 11. Ng3 {[%emt 0:
00:21]} b5 {[%emt 0:00:23]} 12. Bb3 {[%emt 0:00:06]} exd4 {[%emt 0:00:06]} 13.
cxd4 {[%emt 0:00:04]} Bg4 {[%emt 0:00:32]} 14. Be3 {[%emt 0:01:03]} Na5 { [%emt
0:00:05]} 15. Bc2 {[%emt 0:00:07]} Nc4 {[%emt 0:00:05]} 16. h3 {[%emt 0:
00:16]} Bxf3 {[%emt 0:00:21]} 17. Qxf3 {[%emt 0:00:05]} Nxb2 {[%emt 0:00:04]}
18. Bg5 {[%emt 0:00:08]} h6 {[%emt 0:00:25]} 19. e5 {[%emt 0:00:07]} hxg5 {
[%emt 0:00:16]} 20. exf6 {[%emt 0:00:08]} Qxf6 {[%emt 0:00:06]} 21. Qc6 { [%emt
0:00:39]} Qd8 {[%emt 0:01:44]} 22. Rxe8+ {[%emt 0:00:28]} Qxe8 {[%emt 0:
00:00]} 23. Qxc7 {[%emt 0:00:05]} Rc8 {[%emt 0:00:08]} 24. Qxd6 {[%emt 0:00:17]
} Rxc2 {[%emt 0:00:05]} 25. Qxa6 {[%emt 0:00:19]} Bxd4 {[%emt 0:00:08]} 26. Rf1
{[%emt 0:00:46]} Rxf2 {[%emt 0:00:25]} 27. Rxf2 {[%emt 0:00:04]} Qe1+ {[%emt 0:
00:03]} 28. Kh2 {[%emt 0:00:04]} Bxf2 {[%emt 0:00:13]} 29. Qc8+ {[%emt 0:00:32]
} Kh7 {[%emt 0:00:05]} 30. h4 {[%emt 0:00:11]} Bxg3+ {[%emt 0:00:17]} 31. Kh3 {
[%emt 0:00:02]} Bxh4 {[%emt 0:00:03]} 32. Qf8 {[%emt 0:00:18]} Qg3# {[%emt 0:
00:04]} 0-1

[Event "DSJ Weihnachtsturnier U20w 2020"]
[Site "https://play.chessbase.com/en/play?room=DSJWeihnachtU20w"]
[Date "2020.12.29"]
[Round "3"]
[White "Mütsch, Annmarie"]
[Black "Voigt, Anastasia"]
[Result "1-0"]
[Termination "normal"]
[Board "1.2"]
[WhiteTitle "WIM"]
[WhiteElo "2236"]
[BlackElo "1738"]
[WhiteTeam "SC Bavaria Regensburg von 1881"]
[BlackTeam "USV Halle"]
[PlyCount "175"]
[WhiteFideId "12971367"]
[BlackFideId "16235223"]
[EventRounds "7"]
[EventType "team-swiss"]
[EventDate "2020.12.29"]

1. e4 {[%emt 0:00:05]} e5 {[%emt 0:00:01]} 2. Nc3 {[%emt 0:00:03]} Nf6 { [%emt
0:00:04]} 3. g3 {[%emt 0:00:04]} Nc6 {[%emt 0:00:02]} 4. Bg2 {[%emt 0:00: 03]}
Bc5 {[%emt 0:00:12]} 5. Nge2 {[%emt 0:00:06]} O-O {[%emt 0:00:03]} 6. O-O
{[%emt 0:00:07]} d6 {[%emt 0:00:07]} 7. h3 {[%emt 0:00:06]} Nd4 {[%emt 0:00:10]
} 8. d3 {[%emt 0:00:09]} Be6 {[%emt 0:00:16]} 9. Nxd4 {[%emt 0:00:10]} Bxd4 {
[%emt 0:00:02]} 10. Ne2 {[%emt 0:00:06]} Bb6 {[%emt 0:00:03]} 11. d4 {[%emt 0:
00:25]} exd4 {[%emt 0:00:08]} 12. Nxd4 {[%emt 0:00:02]} Bd7 {[%emt 0:00:05]}
13. Bg5 {[%emt 0:00:54]} h6 {[%emt 0:00:09]} 14. Bf4 {[%emt 0:00:05]} Re8 {
[%emt 0:00:11]} 15. Re1 {[%emt 0:00:09]} a5 {[%emt 0:00:51]} 16. c3 {[%emt 0:
00:06]} a4 {[%emt 0:00:07]} 17. Qf3 {[%emt 0:00:23]} Ra7 {[%emt 0:00:43]} 18.
Rad1 {[%emt 0:00:18]} a3 {[%emt 0:00:54]} 19. b3 {[%emt 0:00:08]} Bxd4 { [%emt
0:00:16]} 20. cxd4 {[%emt 0:00:12]} Bc6 {[%emt 0:00:12]} 21. d5 {[%emt 0:
00:05]} Bb5 {[%emt 0:00:07]} 22. Qc3 {[%emt 0:00:44]} Qc8 {[%emt 0:00:44]} 23.
Be3 {[%emt 0:00:24]} Ra8 {[%emt 0:00:14]} 24. Bd4 {[%emt 0:00:03]} Qd8 { [%emt
0:00:17]} 25. Rc1 {[%emt 0:00:37]} c6 {[%emt 0:00:15]} 26. Qf3 {[%emt 0:
00:40]} Nd7 {[%emt 0:00:33]} 27. Qh5 {[%emt 0:00:37]} Ne5 {[%emt 0:00:12]} 28.
Rcd1 {[%emt 0:00:26]} Qe7 {[%emt 0:00:42]} 29. f4 {[%emt 0:00:20]} Nd7 { [%emt
0:00:30]} 30. e5 {[%emt 0:00:26]} dxe5 {[%emt 0:00:09]} 31. fxe5 { [%emt
0:00:04]} cxd5 {[%emt 0:00:50]} 32. Bxd5 {[%emt 0:00:05]} Bc6 {[%emt 0: 00:07]}
33. Bc4 {[%emt 0:00:08]} b5 {[%emt 0:00:07]} 34. Bd3 {[%emt 0:00:31]} Qg5
{[%emt 0:00:08]} 35. Qxg5 {[%emt 0:00:06]} hxg5 {[%emt 0:00:02]} 36. Bf5 {
[%emt 0:00:17]} g6 {[%emt 0:00:19]} 37. Bg4 {[%emt 0:00:03]} Rad8 {[%emt 0:00:
07]} 38. Rc1 {[%emt 0:00:12]} Nb8 {[%emt 0:00:11]} 39. Ba7 {[%emt 0:00:15]} Bd7
{[%emt 0:00:09]} 40. Bxb8 {[%emt 0:00:19]} Bxg4 {[%emt 0:00:04]} 41. Bc7 {
[%emt 0:00:03]} Rd2 {[%emt 0:00:09]} 42. hxg4 {[%emt 0:00:04]} Rxa2 {[%emt 0:
00:02]} 43. Bd6 {[%emt 0:00:07]} Ra8 {[%emt 0:00:05]} 44. Ra1 {[%emt 0:00:05]}
Rb2 {[%emt 0:00:19]} 45. Reb1 {[%emt 0:00:11]} Rxb1+ {[%emt 0:00:08]} 46. Rxb1
{[%emt 0:00:01]} a2 {[%emt 0:00:01]} 47. Ra1 {[%emt 0:00:01]} Kg7 {[%emt 0:00:
07]} 48. Be7 {[%emt 0:00:07]} Ra7 {[%emt 0:00:05]} 49. Bxg5 {[%emt 0:00:10]}
Ra3 {[%emt 0:00:05]} 50. Kf2 {[%emt 0:00:14]} Rxb3 {[%emt 0:00:04]} 51. Rxa2 {
[%emt 0:00:02]} Rd3 {[%emt 0:00:04]} 52. Rb2 {[%emt 0:00:05]} Rd5 {[%emt 0:00:
02]} 53. Bf6+ {[%emt 0:00:02]} Kf8 {[%emt 0:00:03]} 54. Ke3 {[%emt 0:00:02]}
Ke8 {[%emt 0:00:03]} 55. Ke4 {[%emt 0:00:01]} Rc5 {[%emt 0:00:07]} 56. Rd2 {
[%emt 0:00:11]} Rc4+ {[%emt 0:00:01]} 57. Kf3 {[%emt 0:00:04]} Rc8 {[%emt 0:00:
02]} 58. Rb2 {[%emt 0:00:07]} Rb8 {[%emt 0:00:01]} 59. Ke4 {[%emt 0:00:04]} b4
{[%emt 0:00:01]} 60. Rb3 {[%emt 0:00:02]} Kd7 {[%emt 0:00:02]} 61. Kd5 { [%emt
0:00:01]} Kc7 {[%emt 0:00:02]} 62. Kc5 {[%emt 0:00:02]} Kd7 {[%emt 0:00: 03]}
63. Rxb4 {[%emt 0:00:01]} Rxb4 {[%emt 0:00:02]} 64. Kxb4 {[%emt 0:00:02]} Ke6
{[%emt 0:00:01]} 65. Kc4 {[%emt 0:00:02]} Kd7 {[%emt 0:00:01]} 66. Kd5 { [%emt
0:00:01]} Ke8 {[%emt 0:00:01]} 67. e6 {[%emt 0:00:03]} fxe6+ {[%emt 0:00: 01]}
68. Kxe6 {[%emt 0:00:01]} Kf8 {[%emt 0:00:01]} 69. Be5 {[%emt 0:00:02]} g5
{[%emt 0:00:01]} 70. Kf5 {[%emt 0:00:02]} Kg8 {[%emt 0:00:01]} 71. Kxg5 { [%emt
0:00:01]} Kf7 {[%emt 0:00:01]} 72. Kf5 {[%emt 0:00:01]} Kg8 {[%emt 0:00: 01]}
73. Kg6 {[%emt 0:00:02]} Kf8 {[%emt 0:00:02]} 74. Kh7 {[%emt 0:00:02]} Kf7
{[%emt 0:00:01]} 75. g5 {[%emt 0:00:01]} Kf8 {[%emt 0:00:01]} 76. g6 {[%emt 0:
00:01]} Ke7 {[%emt 0:00:01]} 77. g7 {[%emt 0:00:01]} Ke6 {[%emt 0:00:01]} 78.
g8=Q+ {[%emt 0:00:02]} Kxe5 {[%emt 0:00:01]} 79. Qf7 {[%emt 0:00:02]} Ke4 {
[%emt 0:00:01]} 80. g4 {[%emt 0:00:02]} Kd4 {[%emt 0:00:01]} 81. g5 {[%emt 0:
00:01]} Kc5 {[%emt 0:00:01]} 82. Qd7 {[%emt 0:00:03]} Kc4 {[%emt 0:00:01]} 83.
g6 {[%emt 0:00:01]} Kc5 {[%emt 0:00:01]} 84. g7 {[%emt 0:00:01]} Kc4 {[%emt 0:
00:01]} 85. g8=R {[%emt 0:00:02]} Kc5 {[%emt 0:00:01]} 86. Rc8+ {[%emt 0:00:02]
} Kb4 {[%emt 0:00:02]} 87. Qb7+ {[%emt 0:00:01]} Ka5 {[%emt 0:00:01]} 88. Ra8#
{[%emt 0:00:00]} 1-0

[Event "DSJ Weihnachtsturnier U20w 2020"]
[Site "https://play.chessbase.com/en/play?room=DSJWeihnachtU20w"]
[Date "2020.12.29"]
[Round "3"]
[White "Stowicek, Yara Mathilda"]
[Black "Arnhold, Steffi"]
[Result "0-1"]
[Termination "normal"]
[Board "1.3"]
[WhiteElo "1736"]
[BlackElo "2031"]
[WhiteTeam "USV Halle"]
[BlackTeam "SC Bavaria Regensburg von 1881"]
[PlyCount "152"]
[WhiteFideId "16203569"]
[BlackFideId "12931365"]
[EventRounds "7"]
[EventType "team-swiss"]
[EventDate "2020.12.29"]

1. e4 {[%emt 0:00:05]} c5 {[%emt 0:00:02]} 2. c3 {[%emt 0:00:03]} Nf6 {[%emt 0:
00:02]} 3. e5 {[%emt 0:00:02]} Nd5 {[%emt 0:00:01]} 4. d4 {[%emt 0:00:01]} cxd4
{[%emt 0:00:02]} 5. Qxd4 {[%emt 0:00:02]} e6 {[%emt 0:00:02]} 6. Nf3 {[%emt 0:
00:03]} Nc6 {[%emt 0:00:01]} 7. Qe4 {[%emt 0:00:02]} Qc7 {[%emt 0:00:03]} 8.
Nbd2 {[%emt 0:00:13]} d6 {[%emt 0:00:02]} 9. Nc4 {[%emt 0:00:04]} dxe5 { [%emt
0:00:02]} 10. Ncxe5 {[%emt 0:00:02]} Nxe5 {[%emt 0:00:02]} 11. Qxe5 { [%emt
0:00:10]} Qxe5+ {[%emt 0:00:04]} 12. Nxe5 {[%emt 0:00:02]} Bd6 {[%emt 0:
00:02]} 13. Nf3 {[%emt 0:00:05]} Bd7 {[%emt 0:00:08]} 14. Bc4 {[%emt 0:00:02]}
Bc6 {[%emt 0:00:05]} 15. Nd4 {[%emt 0:00:06]} O-O {[%emt 0:00:17]} 16. O-O {
[%emt 0:00:03]} Nb6 {[%emt 0:00:13]} 17. Bb3 {[%emt 0:00:05]} Bd5 {[%emt 0:00:
11]} 18. Bc2 {[%emt 0:00:12]} a6 {[%emt 0:00:06]} 19. b3 {[%emt 0:00:04]} Be5 {
[%emt 0:00:13]} 20. Be3 {[%emt 0:00:18]} Nd7 {[%emt 0:00:16]} 21. Rad1 { [%emt
0:00:09]} Nf6 {[%emt 0:00:06]} 22. f4 {[%emt 0:00:13]} Bc7 {[%emt 0:00: 07]}
23. c4 {[%emt 0:00:04]} Be4 {[%emt 0:00:03]} 24. Bxe4 {[%emt 0:00:28]} Nxe4
{[%emt 0:00:00]} 25. f5 {[%emt 0:00:10]} exf5 {[%emt 0:00:12]} 26. Nxf5 { [%emt
0:00:04]} Rfe8 {[%emt 0:00:04]} 27. Bd4 {[%emt 0:00:08]} f6 {[%emt 0:00: 05]}
28. Rfe1 {[%emt 0:00:08]} Rad8 {[%emt 0:00:07]} 29. g3 {[%emt 0:00:13]} g6
{[%emt 0:00:10]} 30. Ne3 {[%emt 0:00:11]} f5 {[%emt 0:00:05]} 31. Nd5 {[%emt 0:
00:02]} Bb8 {[%emt 0:00:09]} 32. Re3 {[%emt 0:01:16]} b5 {[%emt 0:00:08]} 33.
Rde1 {[%emt 0:00:23]} bxc4 {[%emt 0:00:04]} 34. bxc4 {[%emt 0:00:02]} Kf7 {
[%emt 0:00:04]} 35. g4 {[%emt 0:00:17]} Nd2 {[%emt 0:00:27]} 36. Rxe8 {[%emt 0:
00:19]} Rxe8 {[%emt 0:00:03]} 37. Rxe8 {[%emt 0:00:02]} Kxe8 {[%emt 0:00:00]}
38. gxf5 {[%emt 0:00:02]} Nf3+ {[%emt 0:00:03]} 39. Kg2 {[%emt 0:00:07]} Nxd4 {
[%emt 0:00:00]} 40. Nf6+ {[%emt 0:00:02]} Kf7 {[%emt 0:00:02]} 41. Nxh7 { [%emt
0:00:01]} gxf5 {[%emt 0:00:01]} 42. Ng5+ {[%emt 0:00:01]} Kf6 {[%emt 0: 00:03]}
43. Nh3 {[%emt 0:00:05]} Nc2 {[%emt 0:00:07]} 44. Kg1 {[%emt 0:00:14]} Ne3
{[%emt 0:00:07]} 45. c5 {[%emt 0:00:02]} Ng4 {[%emt 0:00:02]} 46. c6 { [%emt
0:00:09]} Nxh2 {[%emt 0:00:04]} 47. Nf2 {[%emt 0:00:04]} Nf3+ {[%emt 0: 00:02]}
48. Kg2 {[%emt 0:00:02]} Nd4 {[%emt 0:00:01]} 49. Nd3 {[%emt 0:00:17]} Nxc6
{[%emt 0:00:03]} 50. Nc5 {[%emt 0:00:02]} Bd6 {[%emt 0:00:30]} 51. Nxa6 { [%emt
0:00:07]} Nb4 {[%emt 0:00:03]} 52. Nxb4 {[%emt 0:00:03]} Bxb4 {[%emt 0: 00:00]}
53. Kf3 {[%emt 0:00:05]} Bd2 {[%emt 0:00:03]} 54. Kg3 {[%emt 0:00:05]} Ke5
{[%emt 0:00:02]} 55. Kf3 {[%emt 0:00:02]} f4 {[%emt 0:00:02]} 56. a3 { [%emt
0:00:02]} Kd4 {[%emt 0:00:03]} 57. Kf2 {[%emt 0:00:02]} Kc3 {[%emt 0:00: 02]}
58. Kf3 {[%emt 0:00:02]} Be3 {[%emt 0:00:01]} 59. Ke2 {[%emt 0:00:03]} Kb3
{[%emt 0:00:01]} 60. a4 {[%emt 0:00:02]} Kxa4 {[%emt 0:00:01]} 61. Kf3 { [%emt
0:00:01]} Kb4 {[%emt 0:00:01]} 62. Ke2 {[%emt 0:00:01]} Kc4 {[%emt 0:00: 00]}
63. Kf3 {[%emt 0:00:01]} Kd3 {[%emt 0:00:01]} 64. Kg2 {[%emt 0:00:03]} Ke4
{[%emt 0:00:01]} 65. Kf1 {[%emt 0:00:02]} Kf3 {[%emt 0:00:00]} 66. Ke1 { [%emt
0:00:02]} Kg2 {[%emt 0:00:05]} 67. Ke2 {[%emt 0:00:02]} f3+ {[%emt 0:00: 00]}
68. Ke1 {[%emt 0:00:01]} f2+ {[%emt 0:00:00]} 69. Ke2 {[%emt 0:00:01]} f1=Q+
{[%emt 0:00:00]} 70. Kxe3 {[%emt 0:00:04]} Qc4 {[%emt 0:00:04]} 71. Kd2 { [%emt
0:00:06]} Qb3 {[%emt 0:00:04]} 72. Kc1 {[%emt 0:00:02]} Kf3 {[%emt 0:00: 03]}
73. Kd2 {[%emt 0:00:02]} Ke4 {[%emt 0:00:01]} 74. Ke2 {[%emt 0:00:02]} Qc2+
{[%emt 0:00:02]} 75. Kf1 {[%emt 0:00:02]} Kf3 {[%emt 0:00:00]} 76. Ke1 { [%emt
0:00:01]} Qe2# {[%emt 0:00:01]} 0-1

[Event "DSJ Weihnachtsturnier U20w 2020"]
[Site "https://play.chessbase.com/en/play?room=DSJWeihnachtU20w"]
[Date "2020.12.29"]
[Round "3"]
[White "Pavlov, Liliane"]
[Black "Fritsch, Lea"]
[Result "1-0"]
[Termination "normal"]
[Board "1.4"]
[WhiteElo "1740"]
[BlackElo "1644"]
[WhiteTeam "SC Bavaria Regensburg von 1881"]
[BlackTeam "USV Halle"]
[PlyCount "123"]
[WhiteFideId "16225449"]
[BlackFideId "16212436"]
[EventRounds "7"]
[EventType "team-swiss"]
[EventDate "2020.12.29"]

1. d4 {[%emt 0:00:08]} c5 {[%emt 0:00:08]} 2. d5 {[%emt 0:00:06]} d6 {[%emt 0:
00:02]} 3. c4 {[%emt 0:00:02]} g6 {[%emt 0:00:09]} 4. Nf3 {[%emt 0:00:03]} Bg7
{[%emt 0:00:02]} 5. Nc3 {[%emt 0:00:02]} Nf6 {[%emt 0:00:06]} 6. g3 {[%emt 0:
00:04]} O-O {[%emt 0:00:02]} 7. Bg2 {[%emt 0:00:02]} Nbd7 {[%emt 0:00:06]} 8.
O-O {[%emt 0:00:04]} Nb6 {[%emt 0:00:10]} 9. Qd3 {[%emt 0:00:09]} Bf5 {[%emt 0:
00:07]} 10. e4 {[%emt 0:00:02]} Bg4 {[%emt 0:00:12]} 11. h3 {[%emt 0:00:03]}
Bd7 {[%emt 0:00:07]} 12. Rb1 {[%emt 0:00:09]} Rb8 {[%emt 0:00:12]} 13. b3 {
[%emt 0:00:03]} a5 {[%emt 0:00:10]} 14. Bb2 {[%emt 0:00:39]} a4 {[%emt 0:00:05]
} 15. Qd2 {[%emt 0:00:25]} axb3 {[%emt 0:00:17]} 16. axb3 {[%emt 0:00:03]} Qc8
{[%emt 0:00:02]} 17. Kh2 {[%emt 0:00:04]} Ra8 {[%emt 0:00:03]} 18. e5 {[%emt 0:
01:39]} dxe5 {[%emt 0:00:35]} 19. Nxe5 {[%emt 0:00:04]} Ne8 {[%emt 0:00:02]}
20. Nxd7 {[%emt 0:00:08]} Nxd7 {[%emt 0:00:03]} 21. Na4 {[%emt 0:00:47]} Nd6 {
[%emt 0:00:30]} 22. h4 {[%emt 0:00:08]} b5 {[%emt 0:00:10]} 23. cxb5 {[%emt 0:
00:23]} Nxb5 {[%emt 0:00:20]} 24. Bh3 {[%emt 0:00:15]} Rb8 {[%emt 0:02:43]} 25.
Bxg7 {[%emt 0:00:16]} Kxg7 {[%emt 0:00:05]} 26. Bxd7 {[%emt 0:00:03]} Qxd7 {
[%emt 0:00:04]} 27. Nxc5 {[%emt 0:00:02]} Qd6 {[%emt 0:00:12]} 28. Ne4 { [%emt
0:00:12]} Qa3 {[%emt 0:00:27]} 29. Qb2+ {[%emt 0:00:12]} Qxb2 {[%emt 0: 00:17]}
30. Rxb2 {[%emt 0:00:00]} Nd4 {[%emt 0:00:01]} 31. b4 {[%emt 0:00:10]} Rfd8
{[%emt 0:00:05]} 32. Nc3 {[%emt 0:00:31]} Nb5 {[%emt 0:00:20]} 33. Nxb5 { [%emt
0:00:08]} Rxb5 {[%emt 0:00:00]} 34. Re1 {[%emt 0:00:02]} Kf8 {[%emt 0:00: 35]}
35. Re5 {[%emt 0:00:08]} Rdxd5 {[%emt 0:00:11]} 36. Rxd5 {[%emt 0:00:00]} Rxd5
{[%emt 0:00:01]} 37. b5 {[%emt 0:00:02]} Rd7 {[%emt 0:00:06]} 38. b6 { [%emt
0:00:04]} Rb7 {[%emt 0:00:02]} 39. Kh3 {[%emt 0:00:02]} Ke8 {[%emt 0:00: 02]}
40. Kg4 {[%emt 0:00:02]} Kd7 {[%emt 0:00:01]} 41. Kg5 {[%emt 0:00:01]} h5
{[%emt 0:00:40]} 42. f4 {[%emt 0:00:07]} Kc6 {[%emt 0:00:04]} 43. f5 {[%emt 0:
00:02]} Rxb6 {[%emt 0:00:25]} 44. Rxb6+ {[%emt 0:00:04]} Kxb6 {[%emt 0:00:00]}
45. fxg6 {[%emt 0:00:01]} fxg6 {[%emt 0:00:02]} 46. Kxg6 {[%emt 0:00:01]} Kc5 {
[%emt 0:00:01]} 47. Kxh5 {[%emt 0:00:02]} e5 {[%emt 0:00:01]} 48. Kg4 {[%emt 0:
00:01]} Kd4 {[%emt 0:00:01]} 49. h5 {[%emt 0:00:02]} e4 {[%emt 0:00:01]} 50. h6
{[%emt 0:00:01]} e3 {[%emt 0:00:01]} 51. h7 {[%emt 0:00:01]} e2 {[%emt 0:00:03]
} 52. h8=Q+ {[%emt 0:00:02]} Kd3 {[%emt 0:00:02]} 53. Qd8+ {[%emt 0:00:02]} Ke3
{[%emt 0:00:05]} 54. Qe7+ {[%emt 0:00:02]} Kf2 {[%emt 0:00:01]} 55. Qf6+ {
[%emt 0:00:02]} Ke3 {[%emt 0:00:06]} 56. Qe5+ {[%emt 0:00:02]} Kd2 {[%emt 0:00:
01]} 57. Qd4+ {[%emt 0:00:02]} Kc2 {[%emt 0:00:09]} 58. Qe3 {[%emt 0:00:05]}
Kd1 {[%emt 0:00:02]} 59. Qd3+ {[%emt 0:00:03]} Ke1 {[%emt 0:00:04]} 60. Kf3 {
[%emt 0:00:02]} Kf1 {[%emt 0:00:03]} 61. Qxe2+ {[%emt 0:00:05]} Kg1 {[%emt 0:
00:02]} 62. Qg2# {[%emt 0:00:01]} 1-0

[Event "DSJ Weihnachtsturnier U20w 2020"]
[Site "https://play.chessbase.com/en/play?room=DSJWeihnachtU20w"]
[Date "2020.12.29"]
[Round "3"]
[White "Bashylina, Luisa"]
[Black "Ciolacu, Alessia-Mihaela"]
[Result "1-0"]
[Termination "normal"]
[Board "2.1"]
[WhiteTitle "WCM"]
[BlackTitle "WFM"]
[WhiteElo "1978"]
[BlackElo "2052"]
[WhiteTeam "Schachgesellschaft Solingen"]
[BlackTeam "Schachverein Hemer 1932"]
[PlyCount "101"]
[WhiteFideId "12983292"]
[BlackFideId "1252640"]
[EventRounds "7"]
[EventType "team-swiss"]
[EventDate "2020.12.29"]

1. e4 {[%emt 0:00:01]} e5 {[%emt 0:00:02]} 2. Nf3 {[%emt 0:00:02]} Nc6 { [%emt
0:00:01]} 3. d4 {[%emt 0:00:01]} exd4 {[%emt 0:00:02]} 4. Nxd4 {[%emt 0:
00:00]} Nf6 {[%emt 0:00:02]} 5. Nxc6 {[%emt 0:00:02]} bxc6 {[%emt 0:00:00]} 6.
e5 {[%emt 0:00:01]} Qe7 {[%emt 0:00:03]} 7. Qe2 {[%emt 0:00:01]} Nd5 {[%emt 0:
00:01]} 8. c4 {[%emt 0:00:01]} Nb6 {[%emt 0:00:02]} 9. Nc3 {[%emt 0:00:22]} Qe6
{[%emt 0:00:04]} 10. Qe4 {[%emt 0:00:02]} g6 {[%emt 0:00:50]} 11. Bd2 {[%emt 0:
00:28]} Bg7 {[%emt 0:00:38]} 12. c5 {[%emt 0:00:35]} Nd5 {[%emt 0:00:12]} 13.
Bc4 {[%emt 0:00:03]} Qxe5 {[%emt 0:00:34]} 14. Qxe5+ {[%emt 0:00:04]} Bxe5 {
[%emt 0:00:02]} 15. O-O-O {[%emt 0:00:25]} O-O {[%emt 0:01:03]} 16. Bxd5 {
[%emt 0:00:09]} cxd5 {[%emt 0:00:01]} 17. Nxd5 {[%emt 0:00:00]} Bb7 {[%emt 0:
00:37]} 18. Be3 {[%emt 0:00:24]} Rab8 {[%emt 0:00:09]} 19. b3 {[%emt 0:00:05]}
a5 {[%emt 0:00:17]} 20. Kc2 {[%emt 0:00:30]} Rfe8 {[%emt 0:00:06]} 21. Rhe1 {
[%emt 0:00:05]} a4 {[%emt 0:00:04]} 22. b4 {[%emt 0:00:20]} Bxd5 {[%emt 0:00:
08]} 23. Rxd5 {[%emt 0:00:02]} Rxb4 {[%emt 0:00:09]} 24. Bd4 {[%emt 0:00:13]}
d6 {[%emt 0:00:19]} 25. f4 {[%emt 0:00:04]} c6 {[%emt 0:00:33]} 26. Rxd6 {
[%emt 0:01:02]} Bxd6 {[%emt 0:00:21]} 27. Rxe8+ {[%emt 0:00:04]} Bf8 {[%emt 0:
00:02]} 28. Be5 {[%emt 0:00:52]} Re4 {[%emt 0:00:34]} 29. Rc8 {[%emt 0:00:28]}
Rc4+ {[%emt 0:00:02]} 30. Kd3 {[%emt 0:00:07]} Rxc5 {[%emt 0:00:01]} 31. Rxf8+
{[%emt 0:00:03]} Kxf8 {[%emt 0:00:03]} 32. Bd6+ {[%emt 0:00:02]} Ke8 {[%emt 0:
00:11]} 33. Bxc5 {[%emt 0:00:00]} Kd7 {[%emt 0:00:06]} 34. Kd4 {[%emt 0:00:04]}
f6 {[%emt 0:00:03]} 35. Kc4 {[%emt 0:00:07]} Ke6 {[%emt 0:00:07]} 36. Kb4 {
[%emt 0:00:02]} Kd5 {[%emt 0:00:03]} 37. Bb6 {[%emt 0:00:03]} g5 {[%emt 0:00:
11]} 38. fxg5 {[%emt 0:00:11]} fxg5 {[%emt 0:00:01]} 39. Kxa4 {[%emt 0:00:02]}
Kc4 {[%emt 0:00:03]} 40. Be3 {[%emt 0:00:23]} g4 {[%emt 0:00:04]} 41. g3 {
[%emt 0:00:17]} h5 {[%emt 0:00:18]} 42. Ka5 {[%emt 0:00:06]} Kd3 {[%emt 0:00:
09]} 43. Bc5 {[%emt 0:00:04]} Ke2 {[%emt 0:00:35]} 44. a4 {[%emt 0:00:04]} Kf3
{[%emt 0:00:04]} 45. Kb6 {[%emt 0:00:03]} Kg2 {[%emt 0:00:03]} 46. a5 {[%emt 0:
00:01]} Kxh2 {[%emt 0:00:12]} 47. Bd6 {[%emt 0:00:01]} h4 {[%emt 0:00:09]} 48.
gxh4+ {[%emt 0:00:07]} g3 {[%emt 0:00:01]} 49. a6 {[%emt 0:00:05]} c5 {[%emt 0:
00:13]} 50. Kxc5 {[%emt 0:00:10]} Kh1 {[%emt 0:00:01]} 51. Bxg3 {[%emt 0:00:06]
} 1-0

[Event "DSJ Weihnachtsturnier U20w 2020"]
[Site "https://play.chessbase.com/en/play?room=DSJWeihnachtU20w"]
[Date "2020.12.29"]
[Round "3"]
[White "Ricken, Katharina"]
[Black "Müdder, Melanie"]
[Result "1/2-1/2"]
[Termination "normal"]
[Board "2.2"]
[WhiteTitle "WCM"]
[WhiteElo "2030"]
[BlackElo "1950"]
[WhiteTeam "Schachverein Hemer 1932"]
[BlackTeam "Schachgesellschaft Solingen"]
[PlyCount "45"]
[WhiteFideId "16207017"]
[BlackFideId "12994103"]
[EventRounds "7"]
[EventType "team-swiss"]
[EventDate "2020.12.29"]

1. Nf3 {[%emt 0:00:04]} Nf6 {[%emt 0:00:03]} 2. g3 {[%emt 0:00:03]} g6 { [%emt
0:00:04]} 3. b3 {[%emt 0:00:02]} Bg7 {[%emt 0:00:05]} 4. Bb2 {[%emt 0:00: 01]}
b6 {[%emt 0:00:03]} 5. Bg2 {[%emt 0:00:04]} Bb7 {[%emt 0:00:03]} 6. c4 { [%emt
0:00:01]} c5 {[%emt 0:00:03]} 7. O-O {[%emt 0:00:04]} O-O {[%emt 0:00:02] } 8.
d4 {[%emt 0:00:04]} cxd4 {[%emt 0:00:03]} 9. Qxd4 {[%emt 0:00:00]} Nc6 { [%emt
0:00:03]} 10. Qf4 {[%emt 0:00:04]} d5 {[%emt 0:00:02]} 11. cxd5 {[%emt 0:
00:14]} Nxd5 {[%emt 0:00:11]} 12. Qd2 {[%emt 0:00:11]} Nf4 {[%emt 0:00:23]} 13.
gxf4 {[%emt 0:00:17]} Qxd2 {[%emt 0:00:09]} 14. Nbxd2 {[%emt 0:00:00]} Bxb2 {
[%emt 0:00:05]} 15. Rad1 {[%emt 0:00:14]} Bg7 {[%emt 0:01:13]} 16. Ne5 { [%emt
0:00:29]} Bxe5 {[%emt 0:00:54]} 17. fxe5 {[%emt 0:00:04]} Rac8 {[%emt 0:
00:03]} 18. Nc4 {[%emt 0:00:09]} Ba6 {[%emt 0:00:06]} 19. Rd7 {[%emt 0:01:34]}
Bxc4 {[%emt 0:00:44]} 20. bxc4 {[%emt 0:00:00]} e6 {[%emt 0:00:05]} 21. Bxc6 {
[%emt 0:00:14]} Rxc6 {[%emt 0:00:03]} 22. Rxa7 {[%emt 0:00:02]} Rxc4 {[%emt 0:
00:04]} 23. Rb1 {[%emt 0:00:09] Hemer3-002 offers a draw} 1/2-1/2